000 00641nam a2200241Ia 4500
003 OSt
005 20221005090542.0
006 a|||||r|||| 00| 0
007 ta
008 221004b |||||||| |||| 00| 0 eng d
024 _a66323
037 _cTextual
040 _aCRL
_cCRL
_beng
041 _2eng
_aeng
082 _aV73,8.N7, L8
100 _aRohe John A.
_9615425
245 0 _aEthics for bureaucrats
_b Anessay on law and values
260 _aNew York
_bMarcel Dekker USA
_c1978
300 _a292p.
_ccm.
650 _aHISTORY
942 _hV73,8.N7, L8
_cTEXL
_2cc
999 _c995969
_d995969